| 000 | 00349 a2200157 4500 | ||
|---|---|---|---|
| 001 | 150603 | ||
| 040 | _cEscola São Tomás de Aquino | ||
| 100 | _aPUECH, Michel | ||
| 240 | 1 | 0 |
_aO bem e o mal _lpor |
| 245 | 1 | 0 | _aO bem e o mal |
| 300 | _a39 | ||
| 362 | 0 | _a2002 | |
| 440 | 1 | _aScipione | |
| 697 | _aValores, princípios / Filosofia | ||
| 942 | _cBK | ||
| 999 |
_c150603 _d150603 |
||